000 01225 a2200193 4500
003 Nust
005 20230131115015.0
010 _aunk82053230
040 _cNust
082 _a808.83,MAR
100 _aMarquand, John Phillips,
_9108206
245 _aThe late George Apley:
_bA novel in the form of a memoir /
_cJohn P.Marquand,
260 _aBoston,
_bLittle, Brown, and company
_c1937
300 _avi, 354 p
_b22 cm
505 _aA Foreword and Apology (Page-3), The Family Background (Page-9), The Parents (Page-21), The Boyhood Scene (Page-28), Revealing Memorials (Page-59), Harvard Day (Page-68), Europe (Page-93), Law School (Page-105), Marriage (Page-119), Achievements (Page-131), Problems (Page-141), Portrait of A Gentleman (Page-180), Solitude (Page-204), Hard Again (Page-215), War Days (Page-221), The War Strikes Home (Page-234), William Paley (Page-248), A Parents Vigil (Page-258), A Son At the Front (Page-266), New Impacts (Page-286), The Turbulent Twenties (Page-299), Crisis (Page-312), Ring in the New (Page-324), Last Pilgrimage (Page-336), A House In Order (Page-347).
600 _aMarquand, John Phillips,
_9108206
650 _aThe late George Apley,
_9108207
942 _2ddc
_cFIC
_k808.83,MAR
999 _c186407
_d186407